Statistics for Translating American To British

Click here to take the quiz!

General Stats

  • This quiz has been taken 90 times
  • The average score is 11 of 14

Answer Stats

HintAnswer% Correct
SoccerFootball
98%
FriesChips
94%
ElevatorLift
94%
CookieBiscuit
92%
MovieFilm
90%
FallAutumn
89%
PantsTrousers
88%
CandySweets
87%
ChipsCrisps
86%
RefrigeratorFridge
76%
GarbageRubbish
74%
SidewalkPavement
71%
MallShopping Centre
51%
KindergartenPreschool
43%

Score Distribution

Percentile by Number Answered

Percent of People with Each Score

Your Score History

You have not taken this quiz